000 00625cam a22002053a 4500
001 44321
003 PGUSA
005 20140828084019.0
008 131201s2013||||xxu|||||s|||||000 | eng d
040 _aPGUSA
_beng
042 _adc
100 1 _aLounsbery, Elizabeth
245 1 4 _aThe Mentor, January 15, 1917, Serial No. 123 :
_bAmerican Miniature Painters
_h[electronic resource] /
_cElizabeth Lounsbery
260 _bProject Gutenberg,
_c2013
506 _aPublic domain in the USA.
516 _aElectronic text
830 0 _aProject Gutenberg
_v44321
856 4 0 _uhttp://www.gutenberg.org/ebooks/44321
942 _cEB
999 _c273572
_d273572